Statistics for Top 100 Players 2023

Click here to take the quiz!

General Stats

  • This quiz has been taken 13 times
  • The average score is 78 of 100

Answer Stats

HintAnswer% Correct
LakersAnthony Davis
100%
BucksGiannis Antetokounmpo
100%
76ersJames Harden
100%
LakersLeBron James
100%
WarriorsStephen Curry
100%
CelticsAl Horford
92%
TimberwolvesAnthony Edwards
92%
HeatBam Adebayo
92%
PelicansBrandon Ingram
92%
SunsChris Paul
92%
PelicansCJ McCollum
92%
Trail BlazersDamian Lillard
92%
KingsDe'Aaron Fox
92%
BullsDeMar Derozan
92%
SunsDevin Booker
92%
KingsDomantas Sabonis
92%
CavaliersDonovan Mitchell
92%
WarriorsDraymond Green
92%
GrizzliesJa Morant
92%
CelticsJaylen Brown
92%
CelticsJayson Tatum
92%
HeatJimmy Butler
92%
76ersJoel Embiid
92%
KnicksJulius Randle
92%
TimberwolvesKarl Anthony-Towns
92%
ClippersKawhi Leonard
92%
SpursKeldon Johnson
92%
SunsKevin Durant
92%
WarriorsKlay Thompson
92%
MavericksKyrie Irving
92%
HornetsLaMelo Ball
92%
JazzLauri Markkanen
92%
MavericksLuka Doncic
92%
NuggetsNikola Jokic
92%
RaptorsPascal Siakam
92%
ClippersPaul George
92%
TimberwolvesRudy Gobert
92%
ThunderShai Gilgeous-Alexander
92%
HawksTrae Young
92%
BullsZach LaVine
92%
PelicansZion Williamson
92%
WarriorsAndrew Wiggins
83%
Trail BlazersAnfernee Simons
83%
WizardsBradley Beal
83%
HawksDejounte Murray
83%
RaptorsFred VanVleet
83%
KnicksJalen Brunson
83%
NuggetsJamal Murray
83%
GrizzliesJaren Jackson Jr.
83%
BucksKhris Middleton
83%
MagicPaolo Banchero
83%
CelticsRobert Williams III
83%
GrizzliesSteven Adams
83%
PacersTyrese Haliburton
83%
NuggetsAaron Gordon
75%
PistonsCade Cunningham
75%
HawksClint Capela
75%
CavaliersDarius Garland
75%
GrizzliesDesmond Bane
75%
CavaliersEvan Mobley
75%
BucksJrue Holiday
75%
WizardsKristaps Porzingis
75%
CelticsMalcolm Brogdon
75%
NuggetsMichael Porter Jr.
75%
NetsMikal Bridges
75%
PacersMyles Turner
75%
BullsNikola Vucevic
75%
RaptorsOG Anunoby
75%
KnicksRJ Barrett
75%
RaptorsScottie Barnes
75%
76ersTobias Harris
75%
HeatTyler Herro
75%
76ersTyrese Maxey
75%
BucksBrook Lopez
67%
SunsDeandre Ayton
67%
MagicFranz Wagner
67%
ClippersIvica Zubac
67%
CavaliersJarrett Allen
67%
Trail BlazersJerami Grant
67%
ThunderJosh Giddy
67%
WarriorsKevon Looney
67%
WizardsKyle Kuzma
67%
CelticsMarcus Smart
67%
ClippersNorman Powell
67%
BucksBobby Portis
58%
CelticsDerrick White
58%
KnicksImmanuel Quickly
58%
JazzJordan Clarkson
58%
NetsNic Claxton
58%
PistonsBojan Bogdanovic
50%
MavericksChristian Wood
50%
KingsKevin Huerter
50%
NetsSpencer Dinwiddie
50%
MagicWendell Carter Jr.
50%
RaptorsJakob Poeltl
42%
TimberwolvesMike Conley
42%
BullsAlex Caruso
33%
NuggetsKentavious Caldwell-Pope
33%
SpursDevin Vassell
17%
TimberwolvesJaden McDaniels
8%

Score Distribution

Percentile by Number Answered

Percent of People with Each Score

Your Score History

You have not taken this quiz